Teach yourself Visual Basic 4 in 21 days
Explains Visual Basic programming techniques step by step; Uses shaded syntax boxes, techniques, as well as Q&A, Do/Don't, and workshop sections to highlight key points and reinforce learning
Salvato in:
| Autore principale: | |
|---|---|
| Natura: | Libro |
| Lingua: | Undetermined |
| Pubblicazione: |
Indianapolis
Sams Publishing
1995
|
| Soggetti: | |
| Tags: |
Aggiungi Tag
Nessun Tag, puoi essere il primo ad aggiungerne! !
|
| Thư viện lưu trữ: | Trung tâm Học liệu Trường Đại học Cần Thơ |
|---|
| LEADER | 00828nam a2200205Ia 4500 | ||
|---|---|---|---|
| 001 | CTU_220321 | ||
| 008 | 210402s9999 xx 000 0 und d | ||
| 020 | |c 30 | ||
| 082 | |a 005.265 | ||
| 082 | |b G979 | ||
| 100 | |a Gurewich, Nathan | ||
| 245 | 0 | |a Teach yourself Visual Basic 4 in 21 days | |
| 245 | 0 | |c Nathan Gurewich, Ori Gurewich | |
| 260 | |a Indianapolis | ||
| 260 | |b Sams Publishing | ||
| 260 | |c 1995 | ||
| 520 | |a Explains Visual Basic programming techniques step by step; Uses shaded syntax boxes, techniques, as well as Q&A, Do/Don't, and workshop sections to highlight key points and reinforce learning | ||
| 650 | |a Visual Basic,Visual basic,BASIC (Computer program language),BASIC (Ngôn ngữ lập trình máy tính) | ||
| 904 | |i Nguyên | ||
| 980 | |a Trung tâm Học liệu Trường Đại học Cần Thơ | ||